مكتبة جامعة عجلون الوطنية

فهرس بحث المكتبة

Normal view MARC view
  • ادارة الانتاج-تخطيط الانتاج-بحوث العمليات-الطاقة-الجودة-ضبط الجودة-المصانع-تنظيم المصانع-التجهيز

Entry Topical Term

Number of records used in: 1

001 - CONTROL NUMBER

  • control field: 66633

003 - CONTROL NUMBER IDENTIFIER

  • control field: JO-AjAnu

005 - DATE AND TIME OF LATEST TRANSACTION

  • control field: 20250723105927.0

008 - FIXED-LENGTH DATA ELEMENTS

  • fixed length control field: 250723|| aca||babn | a|a d

040 ## - CATALOGING SOURCE

  • Original cataloging agency: JO-AjAnu

150 ## - HEADING--TOPICAL TERM

  • Topical term or geographic name entry element: ادارة الانتاج-تخطيط الانتاج-بحوث العمليات-الطاقة-الجودة-ضبط الجودة-المصانع-تنظيم المصانع-التجهيز